Provocaciones: en torno del derecho

保存先:
書誌詳細
第一著者: Guibourg, Ricardo A
フォーマット: 図書
言語:スペイン語
出版事項: Buenos Aires Universitaria 2002
版:1a. ed
シリーズ:Derecho
主題:
タグ: タグ追加
タグなし, このレコードへの初めてのタグを付けませんか!

MARC

LEADER 00000nam a2200000 a 4500
001 UCL7493
003 CL-VaPUC
008 040520e20020000AG |||||||||||||||||spa|d
020 |a 9502312260 
082 0 4 |a 340.1  |b GUI  |2 21 
100 |a Guibourg, Ricardo A  |9 608543 
245 1 0 |a Provocaciones: en torno del derecho 
250 |a 1a. ed 
300 |a 158 p 
942 |c BK 
945 |d 20040520 00:00:00  |a cmena 
260 |a Buenos Aires  |b Universitaria  |c 2002 
650 0 |a Filosofía del derecho   |9 255050 
650 0 |a Etica y derecho  |9 341370 
583 |a last modification  |c 20040520 00:00:00  |k Rodrigo Vera 
490 0 |a Derecho 
999 |c 309209  |d 309207 
952 |0 0  |1 0  |4 0  |6 340_100000000000000_GUI_2002  |7 0  |8 DER_TF  |9 376568  |a BIBDER  |b BIBDER  |d 2019-11-21  |i 4018109  |o 340.1 GUI 2002  |p 4018109  |r 2023-01-25  |w 2019-11-21  |x Ubicación 4to Piso  |y BK  |z Estos recursos deben solicitarse con anticipación  |k DER